000 01080nam a2200301 i 4500
001 bg
100 1 _aBERRY, Darcy Bruce
245 1 0 _aKrótka gramatyka języka angielskiego /
_cDarcy Bruce Berry ; [tł. i adapt. Agnieszka Rzepa].
246 _iTyt. oryg.:
_aPONS Grammatik Englisch kurz & bündig
260 _aPoznań :
_b"LektorKlett",
_c2001.
300 _a115 s. :
_brys., tab. ;
_c21 cm.
490 1 _aPons : naucz się sam
500 _aTyt. oryg.: "PONS Grammatik Englisch kurz & bündig" 2000. Na okł. podtyt.: objaśnienia po polsku, przykłady w języku angielskim.
504 _aIndeks.
650 9 _aJęzyk angielski
_xgramatyka
655 _aPodręczniki
700 1 _aRZEPA, Agnieszka.
_eTł.
830 0 _aPons
015 _aPB 16911/2004
020 _a8388507664
040 _cBPK
041 1 _apoleng
_hger
080 _a811.111'36(07)
920 _a83-88507-66-4
942 _cKS
008 s pl f |000 0 pol
999 _c46642
_d46642